| 000 | 00572cam a2200193 i 4500 | ||
|---|---|---|---|
| 999 |
_c12371 _d12371 |
||
| 003 | OSt | ||
| 005 | 20240116145153.0 | ||
| 008 | 150323t20142014ii ab 000 0 eng d | ||
| 020 | _a9788179918449 | ||
| 043 | _aa-ii--- | ||
| 082 | 0 | 4 |
_a720.954 _223 _bIYE |
| 100 | 1 |
_aIyer, Kamu, _eauthor. |
|
| 245 | 1 | 0 |
_aBoombay : _bfrom precincts to sprawl / _cKamu Iyer. |
| 300 |
_a191 pages : _billustrations, maps ; _c22 cm |
||
| 650 | 0 |
_aArchitecture _zIndia _zMumbai. |
|
| 650 | 0 |
_aCity planning _zIndia _zMumbai. |
|
| 651 | 0 |
_aMumbai (India) _xBuildings, structures, etc. |
|
| 942 | _2ddc | ||